[Event "ch-RUS Rapid 2017"]
[Site "Sochi RUS"]
[Date "2017.10.01"]
[Round "11.18"]
[White "Moiseenko, Vadim"]
[Black "Utnasunov, Alexander"]
[Result "0-1"]
[WhiteTitle "IM"]
[WhiteElo "2558"]
[BlackElo "2446"]
[WhiteFideId "4123700"]
[BlackFideId "4134524"]
[EventDate "2017.09.30"]

1. e4 c5 2. Nf3 d6 3. d4 cxd4 4. Nxd4 Nf6 5. Nc3 g6 6. Be3 a6 7. Be2 Bg7 8. h4
h5 9. a4 Nc6 10. Qd2 Nxd4 11. Bxd4 Be6 12. a5 Rc8 13. O-O O-O 14. Rfe1 Bc4 15.
Bf3 e5 16. Bb6 Qe7 17. Rad1 Rc6 18. Be3 Ng4 19. Bg5 f6 20. Be3 Nxe3 21. Qxe3 Kh7
22. Be2 Bh6 23. Qf3 f5 24. Bxc4 Rxc4 25. exf5 Rxf5 26. Qd5 Qxh4 27. g3 Rg4 28.
Qxb7+ Bg7 29. Ne4 Qh3 30. Rxd6 h4 31. Rd7 hxg3 32. Rxg7+ Kh8 33. Rh7+ Qxh7 34.
Qxh7+ Kxh7 35. fxg3 Rff4 36. Nf2 Rxg3+ 37. Kh2 Rg5 38. Nh3 Rh5 39. Kg3 Ra4 40.
Nf2 Rxa5 41. Ng4 Rf5 42. Rd1 Kg7 43. Rd6 e4 44. Re6 Rf3+ 45. Kg2 Rf4 46. Kg3
Raf5 47. c4 Kf7 48. Rxa6 Rf3+ 49. Kg2 Rg5 50. Ra7+ Kf8 51. Ra8+ Ke7 52. Ra7+ Ke8
53. Ra8+ Kd7 0-1

[Event "ch-RUS Rapid 2017"]
[Site "Sochi RUS"]
[Date "2017.10.01"]
[Round "11.19"]
[White "Antonenko, Vladimir"]
[Black "Zvjaginsev, Vadim"]
[Result "0-1"]
[WhiteTitle "FM"]
[BlackTitle "GM"]
[WhiteElo "2330"]
[BlackElo "2643"]
[WhiteFideId "24159409"]
[BlackFideId "4113403"]
[EventDate "2017.09.30"]

1. d4 d6 2. Nf3 Nf6 3. c4 g6 4. Nc3 Bf5 5. Qb3 b6 6. Ng5 h6 7. e4 Bg4 8. Nf3
Bxf3 9. gxf3 c5 10. d5 Bg7 11. f4 O-O 12. Bh3 Na6 13. Rg1 Kh8 14. Be3 Nc7 15.
Qc2 b5 16. f5 g5 17. f4 gxf4 18. Bxf4 Rg8 19. O-O-O bxc4 20. Qd2 Kh7 21. e5 dxe5
22. Bxe5 Nce8 23. Rg3 Nd6 24. Bg2 h5 25. Bf4 Qf8 26. h4 Rb8 27. Bf3 Bh6 28. Rg5
Nb5 29. Ne4 c3 30. Nxc3 Nxc3 31. Qxc3 Rb4 32. Qd2 Qc8 33. Rdg1 Rc4+ 34. Kb1 Bxg5
35. Rxg5 Rxg5 0-1

[Event "ch-RUS Rapid 2017"]
[Site "Sochi RUS"]
[Date "2017.10.01"]
[Round "11.20"]
[White "Korchmar, Vasiliy"]
[Black "Rozum, Ivan"]
[Result "0-1"]
[WhiteTitle "IM"]
[BlackTitle "GM"]
[WhiteElo "2399"]
[BlackElo "2590"]
[WhiteFideId "24131750"]
[BlackFideId "24104272"]
[EventDate "2017.09.30"]

1. d4 d6 2. e4 Nf6 3. Nc3 Nbd7 4. Nf3 e5 5. Bc4 Be7 6. O-O O-O 7. Re1 c6 8. a4
a5 9. Ba2 exd4 10. Nxd4 Nc5 11. h3 Re8 12. Bf4 Bf8 13. e5 dxe5 14. Bxe5 Nfd7 15.
Bg3 Nf6 16. Rxe8 Qxe8 17. Qf3 Ne6 18. Nxe6 Bxe6 19. Re1 Qd7 20. Bxe6 fxe6 21.
Be5 Nd5 22. Ne4 h6 23. Qg4 Qf7 24. Rd1 b5 25. axb5 cxb5 26. Nc3 Nxc3 27. Bxc3 b4
28. Be5 a4 29. Qe4 Qe8 30. Qb7 Qc8 31. Rd7 Qxb7 32. Rxb7 a3 33. bxa3 bxa3 34. g4
a2 35. Ba1 Rd8 0-1

[Event "ch-RUS Rapid 2017"]
[Site "Sochi RUS"]
[Date "2017.10.01"]
[Round "11.21"]
[White "Kozak, Alexander"]
[Black "Demidov, Mikhail"]
[Result "1-0"]
[WhiteTitle "FM"]
[BlackTitle "IM"]
[WhiteElo "2315"]
[BlackElo "2521"]
[WhiteFideId "4135881"]
[BlackFideId "4197143"]
[EventDate "2017.09.30"]

1. e4 e6 2. Nf3 d5 3. Nc3 Nf6 4. e5 Nfd7 5. d4 c5 6. dxc5 Nc6 7. Bf4 Nxc5 8. Bd3
Be7 9. h4 a6 10. h5 b5 11. Rh3 Bb7 12. Kf1 Qb6 13. Kg1 O-O-O 14. a3 Rd7 15. b4
Nxd3 16. cxd3 Kb8 17. h6 gxh6 18. Rxh6 Rc7 19. Ne2 d4 20. Ng3 Bf8 21. Rh5 Ne7
22. Ne4 Nd5 23. Qd2 Nc3 24. Nd6 Bxf3 25. gxf3 f5 26. Kh2 Qc6 27. Rh3 Rg8 28. Rg1
Rxg1 29. Kxg1 Nd5 30. Kg2 Qc3 31. Ne8 Qxd2 32. Bxd2 Rc2 33. Bg5 a5 34. bxa5 Bxa3
35. Rxh7 Nc7 36. Nd6 b4 37. Nc4 Rxc4 38. dxc4 b3 39. f4 b2 40. Rh1 Kb7 41. Rb1
Kc6 42. Kf3 Na6 43. Ke2 Nc5 44. Be7 d3+ 45. Ke3 d2 46. Bxc5 Kxc5 47. Kxd2 Kxc4
48. a6 1-0

[Event "ch-RUS Rapid 2017"]
[Site "Sochi RUS"]
[Date "2017.10.01"]
[Round "11.22"]
[White "Tekeyev, Zaur"]
[Black "Iljiushenok, Ilia"]
[Result "1-0"]
[WhiteTitle "FM"]
[BlackTitle "IM"]
[WhiteElo "2380"]
[BlackElo "2519"]
[WhiteFideId "4199731"]
[BlackFideId "24105074"]
[EventDate "2017.09.30"]

1. e4 e5 2. Nf3 Nc6 3. Bc4 Nf6 4. d3 Bc5 5. O-O d6 6. c3 a5 7. h3 h6 8. d4 Bb6
9. dxe5 Nxe5 10. Nxe5 dxe5 11. Qe2 O-O 12. a4 Bd7 13. Rd1 Qe8 14. b3 Qc8 15. Qf3
Be6 16. Bxh6 Bxc4 17. bxc4 Qe6 18. Bg5 Nh7 19. Bh4 Qxc4 20. Rd5 f6 21. Nd2 Qc6
22. Qd3 Rf7 23. Nf3 Nf8 24. Bg3 Ne6 25. Nh4 Re8 26. Kh2 Bc5 27. Qd1 b6 28. Ng6
Nf8 29. Nh4 Qe6 30. Nf5 c6 31. Rd3 Rd7 32. Rxd7 Qxd7 33. Qg4 g6 34. Rd1 Qe6 35.
Nh6+ Kg7 36. Nf5+ Kf7 37. Nh6+ Ke7 38. Qh4 Rd8 39. Re1 Rd2 40. Ng4 g5 41. Qh8
Ng6 42. Qh5 Nf4 43. Bxf4 gxf4 44. Qh7+ Qf7 45. Qh4 Ke6 46. Rf1 Qg6 47. Re1 Kf7
48. Nh6+ Kf8 49. Ng4 Kg7 50. f3 Kf7 51. Rb1 Ke6 52. Qh8 Qf7 53. Nh6 Qg6 54. Qc8+
Ke7 55. Ng4 Qe8 56. Qf5 Qf7 57. h4 Qa2 58. Qxf6+ Ke8 59. Qxe5+ Kd7 60. Qxf4
Rxg2+ 61. Kh3 Qxb1 62. Qf7+ Kd8 63. Kxg2 1-0

[Event "ch-RUS Rapid 2017"]
[Site "Sochi RUS"]
[Date "2017.10.01"]
[Round "11.23"]
[White "Zakaryan, David"]
[Black "Hasangatin, Ramil"]
[Result "1/2-1/2"]
[WhiteTitle "FM"]
[BlackTitle "GM"]
[WhiteElo "2293"]
[BlackElo "2496"]
[WhiteFideId "24101923"]
[BlackFideId "4122160"]
[EventDate "2017.09.30"]

1. d4 d6 2. Nf3 Nf6 3. Nc3 Bf5 4. Bg5 Nbd7 5. e3 h6 6. Bh4 c6 7. Bd3 Bxd3 8.
Qxd3 Qc7 9. O-O e6 10. e4 Be7 11. Rfe1 e5 12. Rad1 O-O 13. dxe5 dxe5 14. Bg3
Rad8 15. Nd4 g6 16. Qf3 Rfe8 17. Nb3 Nh5 18. Re3 Nf8 19. Red3 Ne6 20. Qg4 Rxd3
21. Rxd3 Rd8 22. Rxd8+ Bxd8 23. Qd1 Be7 24. a4 Nxg3 25. hxg3 h5 26. Qd3 Kg7 27.
Nd1 Qb6 28. Ne3 Qb4 29. a5 h4 30. gxh4 Nf4 31. Qc4 Qe1+ 32. Qf1 Ne2+ 33. Kh2
Qxf1 34. Nxf1 Bxh4 35. g3 Bg5 36. Ne3 Nd4 37. Nxd4 exd4 38. Nc4 Bd8 39. Nd6 Bxa5
40. Nxb7 Bb4 41. Kg2 a5 42. b3 Kf6 43. Kf3 Ke5 44. Nd8 c5 45. Nc6+ Kd6 46. Nxb4
axb4 47. Ke2 Ke5 48. Kd3 g5 49. Kc4 Kxe4 50. Kxc5 Kf3 51. Kxb4 g4 52. Kc4 Kxf2
53. b4 Kxg3 54. b5 Kf3 55. b6 g3 56. b7 g2 57. b8=Q g1=Q 58. Qb7+ Ke3 59. Qxf7
Qg4 60. Kb3 Qg3 61. Kb2 Kd2 62. Qb3 Qe3 63. Qb4+ Kd1 64. Qc4 Qc1+ 65. Kb3 Qb1+
66. Ka3 Qa1+ 67. Kb3 Qb1+ 68. Ka3 Qc1+ 69. Kb3 Qe3+ 70. Kb2 Kd2 71. Qb4+ Kd1 72.
Qc4 Qc1+ 73. Kb3 Qb1+ 74. Ka3 Qxc2 75. Qxd4+ Qd2 76. Qxd2+ Kxd2 1/2-1/2

[Event "ch-RUS Rapid 2017"]
[Site "Sochi RUS"]
[Date "2017.10.01"]
[Round "11.24"]
[White "Gogolev, Artem"]
[Black "Sharafiev, Azat"]
[Result "1/2-1/2"]
[BlackTitle "IM"]
[WhiteElo "2408"]
[BlackElo "2433"]
[WhiteFideId "4116615"]
[BlackFideId "4186214"]
[EventDate "2017.09.30"]

1. Nf3 c5 2. c4 Nc6 3. Nc3 g6 4. e3 Bg7 5. d4 d6 6. Be2 e6 7. O-O Nge7 8. dxc5
dxc5 9. Ne4 Qb6 10. Nd6+ Kf8 11. Ng5 Nd8 12. Rb1 f6 13. Nf3 Nf7 14. Nxf7 Kxf7
15. a3 a5 16. Qc2 Bd7 17. Rd1 Rhd8 18. Bd2 a4 19. Bc3 Bc6 20. Nd2 Nf5 21. Ne4
Be8 22. Rxd8 Rxd8 23. Rd1 Rxd1+ 24. Qxd1 Bc6 25. Nd6+ Nxd6 26. Qxd6 Bf8 27. Qb8
e5 28. h4 Be4 29. Bd1 Qc6 30. f3 Bd3 31. Bxa4 Qxa4 32. Qxb7+ Ke8 33. Qc8+ Kf7
34. Qb7+ Ke8 35. Qc8+ Kf7 36. Qb7+ Ke8 37. Qc8+ 1/2-1/2

[Event "ch-RUS Rapid 2017"]
[Site "Sochi RUS"]
[Date "2017.10.01"]
[Round "11.25"]
[White "Tsoi, Dmitry"]
[Black "Krylov, Mikhail RUS"]
[Result "1-0"]
[WhiteTitle "FM"]
[BlackTitle "GM"]
[WhiteElo "2361"]
[BlackElo "2476"]
[WhiteFideId "24194697"]
[BlackFideId "4151364"]
[EventDate "2017.09.30"]

1. e4 d5 2. e5 c5 3. f4 Nc6 4. Nf3 Bg4 5. Be2 e6 6. O-O Nge7 7. d3 Nf5 8. c3 h5
9. Ng5 Bxe2 10. Qxe2 Be7 11. Nf3 Qb6 12. Na3 O-O-O 13. Nc2 d4 14. c4 h4 15. Rb1
Rh6 16. a3 a5 17. b4 cxb4 18. axb4 axb4 19. Rb2 Rdh8 20. Bd2 Ng3 21. Qe1 Nxf1
22. Kxf1 h3 23. g3 Rd8 24. Nxb4 Bxb4 25. Bxb4 Nxb4 26. Qxb4 Qxb4 27. Rxb4 f6 28.
Rb6 fxe5 29. Nxe5 Kc7 30. Rb2 Rf6 31. Ke2 Rf5 32. Nf3 e5 33. Rb5 Ra8 34. Nxe5
Ra2+ 35. Kf3 Rxh2 36. Rc5+ Kd6 37. Rd5+ Ke6 38. g4 Rf6 39. f5+ Ke7 40. Rd7+ Ke8
41. Rxg7 Rh6 42. g5 Rh8 43. f6 Rb2 44. Re7+ Kd8 45. Nf7+ Kc8 46. Nxh8 1-0

[Event "ch-RUS Rapid 2017"]
[Site "Sochi RUS"]
[Date "2017.10.01"]
[Round "11.26"]
[White "Kezin, Roman"]
[Black "Rudenko, Eugeny"]
[Result "1-0"]
[WhiteTitle "FM"]
[WhiteElo "2455"]
[BlackElo "2108"]
[WhiteFideId "24124621"]
[BlackFideId "14108356"]
[EventDate "2017.09.30"]

1. d4 Nf6 2. c4 c5 3. d5 b5 4. Nf3 b4 5. Nbd2 d6 6. e4 e5 7. a3 Nbd7 8. Bd3 Be7
9. axb4 cxb4 10. Qa4 Qb6 11. Nb3 O-O 12. Be3 Qb8 13. Na5 Nc5 14. Bxc5 dxc5 15.
Nc6 Qd6 16. Nfxe5 Ng4 17. Nxg4 Bxg4 18. e5 Qd7 19. O-O Bg5 20. f4 Bh6 21. Qc2 g6
22. h3 1-0

[Event "ch-RUS Rapid 2017"]
[Site "Sochi RUS"]
[Date "2017.10.01"]
[Round "11.27"]
[White "Ivlev, Aleksey"]
[Black "Usmanov, Vasily"]
[Result "1-0"]
[WhiteTitle "FM"]
[BlackTitle "IM"]
[WhiteElo "2259"]
[BlackElo "2459"]
[WhiteFideId "24185949"]
[BlackFideId "4135741"]
[EventDate "2017.09.30"]

1. d4 Nf6 2. c4 e6 3. Nf3 a6 4. Nc3 d5 5. cxd5 exd5 6. Bg5 Be6 7. e3 Nbd7 8. Bd3
h6 9. Bh4 g5 10. Bg3 Nh5 11. Be5 Ng7 12. Rc1 Nxe5 13. Nxe5 Bd6 14. O-O O-O 15.
f4 f5 16. Na4 Qe8 17. Nc5 Rb8 18. b4 Rf6 19. a4 c6 20. Qe2 Bc8 21. b5 axb5 22.
axb5 Bxc5 23. Rxc5 Ne6 24. fxg5 hxg5 25. Rc2 Nd8 26. Ng4 Rf8 27. Nh6+ Kg7 28.
Nxf5+ Bxf5 29. Bxf5 Rf6 30. Qf3 Nf7 31. Qg3 Ra8 32. h4 Qe7 33. Rcf2 Rf8 34. hxg5
Rd6 35. Bd3 Rdd8 36. Rf6 Nh8 37. Qh3 Kg8 38. Rxf8+ Rxf8 39. Rxf8+ Qxf8 40. Qh7# 1-0

[Event "ch-RUS Rapid 2017"]
[Site "Sochi RUS"]
[Date "2017.10.01"]
[Round "11.28"]
[White "Moskalenko, Alexander"]
[Black "Rjabzev, Konstantin"]
[Result "1-0"]
[WhiteTitle "IM"]
[BlackTitle "IM"]
[WhiteElo "2531"]
[BlackElo "2270"]
[WhiteFideId "4155351"]
[BlackFideId "4150015"]
[EventDate "2017.09.30"]

1. d4 d6 2. e4 e5 3. Nf3 exd4 4. Nxd4 Nf6 5. Nc3 Be7 6. Qf3 O-O 7. Nf5 Bxf5 8.
Qxf5 Nc6 9. Be3 a6 10. Be2 g6 11. Qh3 b5 12. Bd3 b4 13. Ne2 d5 14. exd5 Nxd5 15.
O-O-O Nxe3 16. Qxe3 Bd6 17. Be4 Ne5 18. Bxa8 Qxa8 19. f3 a5 20. Qe4 Qa6 21. h4
a4 22. h5 a3 23. b3 f5 24. Qd5+ Nf7 25. hxg6 hxg6 26. Qe6 Kg7 27. Kb1 Qc6 28.
Qd5 Qa6 29. Nd4 Re8 30. Rh7+ 1-0